Normal view MARC view
  • González, Bruno

Entry Nombre Personal

Number of records used in: 2

001 - NUMERO DE CONTROL

  • campo de control: 50600

003 - IDENTIFICADOR DE NUMERO DE CONTROL

  • campo de control: MX-MxUPN

005 - FECHA Y HORA DE LA ÜLTIMA TRANSACCIÓN

  • campo de control: 20231113105136.0

008 - DATOS DE LONGITUD FIJA

  • campo de control de longitud fija: 231113nn acn||aabn | a|a d

040 ## - FUENTE DE CATALOGACIÓN

  • Agencia original de catalogación: MX-MxUPN
  • Lenguaje de catalogación: spa

100 1# - ENCABEZAMIENTO - NOMBRE PERSONAL

  • Nombre personal: González, Bruno

670 ## - FUENTE EN LA QUE SE LOCALIZARON DATOS

  • Cita de la fuente: Carlos de Sigüenza y Góngora, 2000 :
  • Información localizada: reverso de la porrada (Bruno González)

902 ## - CATALOGADOR

  • Catalogador: VíctorGodínez/131123